000 01863nam a2200313Ia 4500
999 _c50462
_d50462
001 17408
003 GE_BSU
005 20200212163441.0
008 181216s2010 xx |||||||||||||| ||geo||
020 _a 9789941011146
040 _cGE_BSU
041 _ageo
080 _a341.1/8 ბ-91
100 _aბრაუნლი, იან.
_97011
245 _aსაერთაშორისო საჯარო სამართლის პრინციპები :
_b[სახელმძღვ.] /
_cიან ბრაუნლი ; თარგმანი: გიორგი კუკულავა ; სალომე მეუნარგია ; ეკა სირაძე ; ერეკლე გლურჯიძე ; რედ. თინათინ ხიდაშელი.
250 _aმე-7 გამოცემა
264 _aთბილისი :
_bსაია-ს იურიდ. განათლ. ხელშეწყობის ფონდი,
_c2010
300 _a823 გვ;
_c24 სმ.
504 _aბიბლიოგრ. ტექსტ. შენიშვნ
541 _h110ლ.
653 _aსაერთაშორისო საჯარო სამართალი სახელმწიფო ტერიტორიები; სუვერენიტეტი
653 _aსამართალი
700 _aკუკულავა, გიორგი
_eთარგმანი
_97012
700 _aმეუნარგია, სალომე
_eთარგმანი
_97013
700 _a სირაძე, ეკა
_eთარგმანი
_97014
700 _aგლურჯიძე, ერეკლე
_eთარგმანი
_97015
700 _a ხიდაშელი, თინათინ
_97016
942 _cBK
_2udc